| 000 -CABECERA |
| campo de control de longitud fija |
00968nam a2200205 4500 |
| 005 - FECHA Y HORA DE LA ÚLTIMA TRANSACCIÓN |
| campo de control |
20210921114521.0 |
| 008 - DATOS DE LONGITUD FIJA--INFORMACIÓN GENERAL |
| campo de control de longitud fija |
210921s1981 pe |||fr|||| 001 0 spa d |
| 040 ## - FUENTE DE LA CATALOGACIÓN |
| Centro catalogador/agencia de origen |
CENDOC CAAAP |
| Lengua de catalogación |
spa |
| Centro/agencia transcriptor |
CAAAP |
| 041 ## - CÓDIGO DE LENGUA |
| Código de lengua del texto/banda sonora o título independiente |
spa |
| 050 ## - SIGNATURA TOPOGRÁFICA DE LA BIBLIOTECA DEL CONGRESO |
| Número de clasificación |
LF 118 |
| Número de documento/Ítem |
.P45 |
| 245 ## - MENCIÓN DE TÍTULO |
| Título |
Catálogo de tesis doctorales en educación |
| 250 ## - MENCIÓN DE EDICIÓN |
| Mención de edición |
1ra ed. |
| 260 ## - PUBLICACIÓN, DISTRIBUCIÓN, ETC. |
| Lugar de publicación, distribución, etc. |
Lima: |
| Nombre del editor, distribuidor, etc. |
Editorial Educativa. INIDE, |
| Fecha de publicación, distribución, etc. |
1981 |
| 300 ## - DESCRIPCIÓN FÍSICA |
| Extensión |
276 p. |
| 505 ## - NOTA DE CONTENIDO CON FORMATO |
| Nota de contenido con formato |
Contiene : Universidad Nacional Mayor de San Marcos -- Pontificia Universidad Católica del Perú -- Universidad Nacional de Educación Enrique Guzmán y Valle -- Universidad Particular Inca Garcilaso de la Vega -- Universidad Nacional Federico Villarreal --Universidad Nacional de Trujillo --Universidad Nacional San Agustín de Arequipa -- Universidad Nacional San Antonio Abad del Cusco. |
| 650 10 - PUNTO DE ACCESO ADICIONAL DE MATERIA--TÉRMINO DE MATERIA |
| 9 (RLIN) |
310 |
| Término de materia o nombre geográfico como elemento de entrada |
Educación Superior |
| 650 20 - PUNTO DE ACCESO ADICIONAL DE MATERIA--TÉRMINO DE MATERIA |
| 9 (RLIN) |
260 |
| Término de materia o nombre geográfico como elemento de entrada |
Universidades y colegios |
| Subdivisión geográfica |
Alumnos y graduados |
| 651 #0 - PUNTO DE ACCESO ADICIONAL DE MATERIA--NOMBRE GEOGRÁFICO |
| 9 (RLIN) |
12 |
| Nombre geográfico |
Perú |
| 942 ## - ELEMENTOS PERSONALIZADOS KOHA |
| Fuente del sistema de clasificación o colocación |
|
| Fecha de catalogación |
21 - 09 - 21 |
| Tipo de ítem Koha |
Libros |